Summerhill: un punto de vista radical sobre la educación de los niños

Saved in:
Bibliographic Details
Main Author: Neill, Alexander Sutherland (autor)
Format: Book
Language:Spanish
Published: Ciudad de México Fondo de Cultura Económica 1963
Series:Biblioteca de Psicología y Psicoanálisis
Subjects:
Tags: Add Tag
No Tags, Be the first to tag this record!

MARC

LEADER 00000nam a2200000 a 4500
001 UCZ6823
003 CL-VaPUC
008 951215e19630000MX |||||||||||||||||spa|d
082 0 4 |a 370.15  |b NEI  |2 21 
100 |a Neill, Alexander Sutherland   |e autor  |9 390042 
245 1 0 |a Summerhill: un punto de vista radical sobre la educación de los niños 
300 |a 302 p 
942 |c BK 
945 |d 19951215 00:00:00  |a cmena 
260 |a Ciudad de México  |b Fondo de Cultura Económica  |c 1963 
650 0 |a Psicología educacional   |9 307830 
650 7 |a PSICOSOCIOLOGIA EDUCACIONAL  |2 CL-VaPUC  |9 338387 
650 0 |a Psicología del niño  |9 307305 
650 0 |a Familias   |9 255641 
650 0 |a Sexo  |9 257818 
650 0 |a Religión   |9 255164 
650 0 |a Ética  |9 255099 
650 0 |a Problemas sociales  |9 258537 
650 0 |a Desarrollo individual   |9 307875 
583 |a last modification  |c 19951215 00:00:00  |k Rodrigo Vera 
490 0 |a Biblioteca de Psicología y Psicoanálisis 
999 |c 242983  |d 242981 
952 |0 0  |1 0  |4 0  |6 370_150000000000000_NEI_1963  |7 0  |8 P  |9 256329  |a BIBEDU  |b BIBEDU  |c BIBEDU_PB  |d 2019-11-19  |i 1605992  |o 370.15 NEI 1963  |p 1605992  |r 2024-01-25  |w 2019-11-19  |y BK  |k EDU